Statistics for Countries with 10 Largest Castles

Click here to take the quiz!

General Stats

  • This quiz has been taken 289 times
  • The average score is 6 of 10

Answer Stats

HintAnswer% Correct
Edinburgh CastleScotland
97%
Prague CastleCzech Republic
86%
Windsor CastleEngland
86%
Citadel of AleppoSyria
80%
Hohensalzburg CastleAustria
76%
Himeji CastleJapan
59%
Buda CastleHungary
51%
Mehrangarh FortIndia
32%
Malbork CastlePoland
27%
Spis CastleSlovakia
21%

Score Distribution

Percentile by Number Answered

Percent of People with Each Score

Your Score History

You have not taken this quiz